000
00283nam a2200109Ia 4500
008
201210s9999 xx 000 0 und d
100
_a
Feibes, Walter
245
0
_a
Introduction To Finite Mathematics
260
_a
California
_b
Hamilton Publishing Company
300
_a
290
942
_c
BK
999
_c
5238
_d
5238